| 000 | 00428nam a2200157Ia 4500 | ||
|---|---|---|---|
| 005 | 20250318101509.0 | ||
| 008 | 231217s9999 xx 000 0 und d | ||
| 020 | _a9788174466839 | ||
| 082 | _a658.4 GEE;1 R | ||
| 100 | _aRani, Geeta D. Mishra, R K | ||
| 245 | 0 | _aCorporate governance : theory and practice | |
| 260 |
_c2008 _bExell Books _aNew Delhi |
||
| 300 | _axii+239 | ||
| 650 | _aCorporate,governance | ||
| 942 | _cAA | ||
| 999 |
_c183068 _d183068 |
||